000
00311nam a2200109Ia 4500
008
171211s9999 xx 000 0 und d
245
_a
Final Fantasy Anthology: Official Strategy Guide
245
_c
David Cassady
260
_c
1999
650
_x
GAMES
856
_u
http://down.ebook777.com/056/9781566869256.pdf
999
_c
348918
_d
348918